000 01229ncm a2200301 a 4500
999 _c357111
_d357111
003 BLK
005 20250127160905.0
008 200403b bu ||||| |||| 00| 0 bu d
040 _aBLK
041 _aRUS
_cRUS
080 _aКамерна вок. муз. Песни, балади, арии, романси
_b784.3
_z784.3
100 _9274401
_aРахманинов, Сергей Василиевич
_eпърви автор
139 _aРахманинов, Сергей Василиевич
_bР 40
245 _aЗдесь хорошо
_bДля высокого голоса в сопровождении фортепиано
_cСергей Васильиевич Рахманинов; текст Г. Галина.
257 _aSUN
260 _9402764
_aМосква
_bМузыка
_c1964
300 _a4 с.
_c29 см
380 _a7
650 0 _9362760
_aАрии - за висок глас
650 7 _aПиано - съпровод
_2
_9166264
653 7 _9183324
_aвисок глас
653 7 _9188624
_aклавирен съпровод
852 _aЦб М ІІ 3819
942 _cNOT
_n0
_s1
944 _c2020-04-03
_k30560
_lГеновева Генчева
999 _d357111
999 _d351031